Grid Computing (Record no. 789)

MARC details
000 -LEADER
Fixed length control field 00488nam a2200181 4500
003 - CONTROL NUMBER IDENTIFIER
Control field SEACOMEC
005 - DATE AND TIME OF LATEST TRANSACTION
Control field 20240313162410.0
008 - FIXED-LENGTH DATA ELEMENTS--GENERAL INFORMATION
Fixed length control field 240313b |||||||| |||| 00| 0 eng d
020 ## - INTERNATIONAL STANDARD BOOK NUMBER / ISBN
Price Rs.295.00
040 ## - CATALOGING SOURCE
Original cataloging agency SEACOMEC
041 ## - LANGUAGE CODE
Language code English
082 ## - DEWEY DECIMAL CLASSIFICATION NUMBER
Classification number 006
Book Number P715G
100 ## - MAIN ENTRY--PERSONAL NAME
Personal name Plaszezat, Pawel
245 ## - TITLE STATEMENT
Title Grid Computing
Sub title The Savvy Manager's Guide
Statement of responsibility Pawel Plaszezat and R Wellner
260 ## - IMPRINT
Place of publication New Delhi
Name of publisher Elsevier.
Date of publication 2006
650 ## - SUBJECT ADDED ENTRY--TOPICAL TERM
Topical term Computer Science - Methods
942 ## - ADDED ENTRY ELEMENTS (KOHA)
Koha item type Books
Holdings
Withdrawn status Lost status Source of classification Damaged status Not for loan Home library Current library Date acquired Total Checkouts Call number Accession number Date last seen Price effective from Koha item type Copy number
    Dewey Decimal Classification     SEACOM ENGINEERING COLLEGE SEACOM ENGINEERING COLLEGE 13/03/2024   006 P715G 4046 13/03/2024 13/03/2024 Books  
    Dewey Decimal Classification     SEACOM ENGINEERING COLLEGE SEACOM ENGINEERING COLLEGE 13/03/2024   006 P715G 4047 13/03/2024 13/03/2024 Books 1
© Seacom Engineering College, All rights reserved.      Powered by Koha